O banqueiro anarquista (Registo nº 850)

Detalhes MARC
000 -Etiqueta do registo
Cabeçalho 00926nam a2200265 i 4500
005 - Identificador da versão
Campo de controlo 20240813121817.0
010 ## - Número internacional normalizado dos livros (ISBN)
Número (ISBN) 9789895523009
021 ## - Número do Depósito Legal
Código do país PT
Número 270011/08
100 ## - Dados gerais de processamento
Dados gerais de processamento 20151023 2008 d y0pory5003 ba
102 ## - Pais de publicação ou produção
País de publicação Portugal
101 0# - Língua de publicação
Língua do texto, banda sonora, etc. Português
215 ## - Descrição física 
Indicação específica da natureza do documento e extensão da espécie [36] p.
Outras indicações físicas il. color
200 1# - Titulo e menção de responsabilidade
Título próprio O banqueiro anarquista
Primeira menção de responsabilidade Fernando Pessoa
Outras menções de responsabilidade adaptado para os mais novos por Clara Pinto Correia
-- il. de Helena Simas
225 2# - Colecção 
Título próprio da colecção Clássicos da literatura portuguesa contados às crianças
Informação de outro título da colecção  biblioteca tempo dos mais novos
Nome de uma parte ou secção Série do André
Indicação de volume 5
205 ## - Menção da edição
Menção da edição 1ª ed
210 ## - Publicação, Distribuição, etc. 
Lugar da edição, distribuição, etc. Vila Nova de Famalicão
Nome do editor, distribuidor, etc. Quasi
Data da publicação, distribuição, etc. 2008
606 ## - Nome comum usado como assunto
Número de registo de entrada de autoridade 0002010
Palavra de ordem Literatura portuguesa
Subdivisão de assunto Conto
Código do sistema CA
675 ## - Classificação Decimal Universal (CDU)
Notação 821.134.3-34
Edição 3ª ed.
Língua da edição por
702 #1 - Nome de autor-pessoa física (responsabilidade secundária)
Número de registo de entrada de autoridade 0002636
Palavra de ordem Correia
Outra parte do nome não tomada para palavra de ordem Clara Pinto
Datas 1960-
Código de função Adaptador
700 #1 - Nome de autor-pessoa física (responsabilidade principal)
Número de registo de entrada de autoridade 0002008
Palavra de ordem Pessoa
Outra parte do nome não tomada para palavra de ordem Fernando
Datas 1888-1935
966 ## - Identificação da Biblioteca
Sigla EB2,3ENM
942 ## - Elementos de entrada adicionados (Koha)
Tipo de item no Koha Livro
Exemplares
Situação do levantamento Origin of item (home branch) (coded) Biblioteca de empréstimo Código de barras Cota Circulation type (not for loan) Tipo de documento Nota do exemplar Damaged status
  Biblioteca Escolar Eng. Nuno Mergulhão Biblioteca Escolar Eng. Nuno Mergulhão BENM1547 82LP-34 PES   Livro Sem mensagem